The Mortal Instruments - Statistics

General Stats
  • This quiz has been taken 375 times
    325 since last reset
  • The average score is 13 of 16
Answer Stats
Hint Answer % Correct
main character Clary Fray
99%
shadow hunter Alec Lightwood
96%
shadow hunter Isabelle Lightwood
96%
warlock Magnus Bane
94%
The mother of Isabelle and Alec Maryse Lightwood
92%
Maryse's child that died Max Lightwood
89%
Clary's mother Jocelyn Fray
88%
vampire/mundane Simon Lewis
87%
Clary's dad Valentine Morgenstern
86%
shadow hunter Jace Wayland
82%
werewolf leader Luke Garroway
79%
isabelle lightwoods ex (fae) Meliorn
74%
werewolf Maia Roberts
73%
the tutor at the NY institute Hodge Starkweather
62%
ruler of the fae Seelie Queen
57%
Jonathan Morgenstern AKA... Sebastian Verlac
56%
No matching quizzes found
Score Distribution
Percent of People with Each Score
Percentile by Number Answered
Your Score History
You have not taken this quiz since the last reset